000 00941nam a2200253Ia 4500
003 OSt
005 20220923213053.0
006 a|||||r|||| 00| 0
007 ta
008 220922b |||||||| |||| 00| 0 hin d
024 _a158,734
037 _cTextual
040 _aARTS
_cARTS
_bhin
041 _2hin
_ahin
082 _aO152,1(Delta25):g, L3
100 _aओम प्रकाश
245 0 _aमध्ययुगीन काव्य (विवेचनात्मक एवं समीक्षात्मक निबन्ध)
246 _aMadhyayugīn kāvya (vivechanātmak evan samīkṣhātmak nibandha)
260 _aनई दिल्ली
_b आर्य बुक डिपो
_c1973
300 _a156पृ.
_ccm.
650 _aहिन्दी साहित्य
_9156264
942 _hO152,1(Delta25):g, L3
_cTEXL
_2CC
999 _c313481
_d313481